Πολιτισμοί και κοινωνίες της Νότιας Πίνδου

Αποθηκεύτηκε σε:
Λεπτομέρειες βιβλιογραφικής εγγραφής
Κύριος συγγραφέας: Αυδίκος, Ευάγγελος Γρ., 1951-
Μορφή: Βιβλίο
Γλώσσα:Greek
Δημοσίευση: Αθήνα : Πεδίο, 2012.
Σειρά:Λαϊκοί πολιτισμοί
Θέματα:
Ετικέτες: Προσθήκη ετικέτας
Δεν υπάρχουν, Καταχωρήστε ετικέτα πρώτοι!

MARC

LEADER 00000cam a2200000 i 4500
001 1/47506
008 140519s2012 gr | ||| |||| ||gre||
020 |a 9789605460990 
035 |l 10117669 
040 |a GR-MyUa  |b gre  |e AACR2 
041 0 |a gre 
082 7 |a 398.09495   |2 (23) 
100 1 |a Αυδίκος, Ευάγγελος Γρ.,   |d 1951- 
245 1 0 |a Πολιτισμοί και κοινωνίες της Νότιας Πίνδου /   |c Ευάγγελος Γρ. Αυδίκος. 
260 |a Αθήνα :   |b Πεδίο,   |c 2012. 
300 |a 335 σ. ;   |c 21 εκ. 
490 1 |a (Λαϊκοί πολιτισμοί) 
504 |a Βιβλιογραφία: σ. [321]-335. 
650 0 |a Ethnicity  |z Greece  |z Pindus Mountains. 
650 0 |a Group identity  |z Greece  |z Pindus Mountains. 
650 0 |a Folklore and history  |z Greece  |z Pindus Mountains. 
830 0 |a Λαϊκοί πολιτισμοί 
852 |a INST  |b RHODES  |c EUDOXUS  |e 20140519  |h 398.09495 ΑΥΔ  |p 005400036499  |q 005400036499  |t EDX  |y 0 
852 |a INST  |b RHODES  |c EUDOXUS  |e 20140519  |h 398.09495 ΑΥΔ  |p 005400036500  |q 005400036500  |t EDX  |y 0 
901 |a BIBL4-2014-2 
920 |a ΕΥΔΟΞΟΣ  |b ΠΑΡΑΓΓΕΛΙΑ  |y ΡΟΔΟΣ-ΤΕΠΑΕΣ  |z 2014-05 
970 |z 2014/05/19